[Event "Gibtelecom ChallWk2 6th"]
[Site "Gibraltar"]
[Date "2008.01.30"]
[Round "4.9"]
[White "Reppen, Sigmund"]
[Black "Bates, Caspar J"]
[Result "1-0"]
[WhiteElo "2061"]
[BlackElo "2190"]
[PlyCount "152"]
[EventDate "2008.01.27"]
[EventType "swiss"]
[EventRounds "5"]
[EventCountry "GGB"]
[SourceTitle "BritBase"]
[Source "www.saund.co.uk"]
[SourceDate "2018.02.10"]
[SourceVersion "1"]
[SourceVersionDate "2018.02.10"]
[SourceQuality "1"]

1. e4 e5 2. Nf3 Nc6 3. d4 exd4 4. Bc4 Nf6 5. O-O Nxe4 6. Re1 d5 7. Bxd5 Qxd5 8.
Nc3 Qa5 9. Nxe4 Be6 10. Neg5 O-O-O 11. Nxe6 fxe6 12. Rxe6 Bd6 13. Bg5 Rdf8 14.
Bh4 Qb4 15. b3 Qc3 16. Ng5 Ba3 17. Ne4 Qa5 18. Qg4 Kb8 19. Qg5 Qxg5 20. Nxg5
Bb4 21. Ne4 Re8 22. Rxe8+ Rxe8 23. f3 a5 24. a4 b6 25. Bf2 Rd8 26. Rd1 Be7 27.
Kf1 Nb4 28. Rxd4 Nxc2 29. Rc4 Nb4 30. Bg3 Rd7 31. Ke2 Kb7 32. Be5 Bd8 33. Rd4
Rxd4 34. Bxd4 g6 35. f4 Kc6 36. Be5 Kd5 37. Nc3+ Ke6 38. Nb5 c6 39. Nd4+ Kd5
40. Kd2 Na6 41. Ne2 Nc5 42. Nc3+ Ke6 43. Kc2 Kf5 44. Ne2 Ke4 45. Nd4 Kd5 46.
Ne2 Nd7 47. Nc3+ Ke6 48. Bd4 Kf5 49. Be3 Bc7 50. Ne2 Ke4 51. Kd2 Nf6 52. Ng3+
Kd5 53. Ne2 Ng4 54. Bg1 Ke4 55. h3 Nf6 56. Be3 h5 57. Ng3+ Kd5 58. Kd3 h4 59.
Ne2 Ne4 60. Kc2 Bd8 61. Bg1 c5 62. Kd3 Bf6 63. Be3 Nd6 64. Bf2 Nf5 65. g4 hxg3
66. Nxg3 Nd6 67. Nf1 Bd4 68. Bxd4 cxd4 69. Nd2 Nb7 70. Nc4 Nc5+ 71. Kc2 Ke4 72.
Nxb6 d3+ 73. Kc3 Kxf4 74. Nc4 Ke4 75. Nxa5 Ke3 76. Nc4+ Ke2 1-0

[Event "Gibtelecom ChallWk2 6th"]
[Site "Gibraltar"]
[Date "2008.01.30"]
[Round "4.10"]
[White "Lindsoe, Fredrik Aunan"]
[Black "Severijnen, Arjon"]
[Result "1/2-1/2"]
[WhiteElo "2001"]
[BlackElo "2158"]
[PlyCount "87"]
[EventDate "2008.01.27"]
[EventType "swiss"]
[EventRounds "5"]
[EventCountry "GGB"]
[SourceTitle "BritBase"]
[Source "www.saund.co.uk"]
[SourceDate "2018.02.10"]
[SourceVersion "1"]
[SourceVersionDate "2018.02.10"]
[SourceQuality "1"]

1. Nf3 Nf6 2. c4 g6 3. Nc3 Bg7 4. d4 O-O 5. g3 c6 6. Bg2 d6 7. O-O Bg4 8. h3
Bxf3 9. Bxf3 Nbd7 10. e4 Rc8 11. Be3 a6 12. a4 c5 13. d5 Qb6 14. Qc2 e6 15. a5
Qc7 16. Bg2 exd5 17. Nxd5 Nxd5 18. exd5 Rfe8 19. Bd2 Re7 20. Rfe1 Rce8 21. Rxe7
Rxe7 22. Re1 Nf6 23. Qb3 Rxe1+ 24. Bxe1 Qe7 25. Bc3 Nh5 26. Bxg7 Nxg7 27. g4 h5
28. Bf3 hxg4 29. hxg4 Ne8 30. Qe3 Qxe3 31. fxe3 f6 32. Bd1 Kf7 33. Ba4 Ke7 34.
Bxe8 Kxe8 35. Kf2 Kf7 36. Ke2 f5 37. gxf5 gxf5 38. Kf3 Kf6 39. Kf4 Kg6 40. Kg3
Kg5 41. Kf3 Kg6 42. Kg3 Kf6 43. Kf4 Kg6 44. Kg3 1/2-1/2

[Event "Gibtelecom ChallWk2 6th"]
[Site "Gibraltar"]
[Date "2008.01.30"]
[Round "4.11"]
[White "Osuna Vega, Enrique"]
[Black "Lovik, Lasse Ostebo"]
[Result "1/2-1/2"]
[WhiteElo "2146"]
[BlackElo "2052"]
[PlyCount "98"]
[EventDate "2008.01.27"]
[EventType "swiss"]
[EventRounds "5"]
[EventCountry "GGB"]
[SourceTitle "BritBase"]
[Source "www.saund.co.uk"]
[SourceDate "2018.02.10"]
[SourceVersion "1"]
[SourceVersionDate "2018.02.10"]
[SourceQuality "1"]

1. e4 e5 2. Nf3 Nc6 3. Bb5 a6 4. Ba4 b5 5. Bb3 Na5 6. d4 exd4 7. Qxd4 Ne7 8.
Bg5 Nxb3 9. axb3 Bb7 10. O-O Nc6 11. Qd2 Be7 12. Nc3 O-O 13. Rad1 d6 14. Rfe1
Ne5 15. Nxe5 Bxg5 16. Qe2 b4 17. Na2 Re8 18. Nf3 Rxe4 19. Qd3 Rxe1+ 20. Rxe1 d5
21. c3 bxc3 22. Nxc3 Bf6 23. Nd2 c6 24. Nde4 Be7 25. Na4 Qc7 26. h3 c5 27. Nac3
Qc6 28. f3 a5 29. Ng3 Bh4 30. Nf5 Bf6 31. Ne7+ Bxe7 32. Rxe7 Re8 33. Nxd5 Kf8
34. Rxe8+ Qxe8 35. Ne3 g6 36. Qc3 Qb5 37. Qh8+ Ke7 38. Qe5+ Kd7 39. Nc4 Qxb3
40. Qxc5 Qb4 41. Qd4+ Ke7 42. Qe5+ Kd7 43. Nxa5 f6 44. Qc3 Qb6+ 45. Kf1 Ba6+
46. Nc4 Bxc4+ 47. Qxc4 Qxb2 48. Qf7+ Kd6 49. Qxh7 Qa1+ 1/2-1/2

[Event "Gibtelecom ChallWk2 6th"]
[Site "Gibraltar"]
[Date "2008.01.30"]
[Round "4.12"]
[White "Ungureanu, Sandu"]
[Black "Strand, Haakon"]
[Result "1-0"]
[WhiteElo "2137"]
[BlackElo "2045"]
[PlyCount "109"]
[EventDate "2008.01.27"]
[EventType "swiss"]
[EventRounds "5"]
[EventCountry "GGB"]
[SourceTitle "BritBase"]
[Source "www.saund.co.uk"]
[SourceDate "2018.02.10"]
[SourceVersion "1"]
[SourceVersionDate "2018.02.10"]
[SourceQuality "1"]

1. e4 c5 2. Nf3 d6 3. d4 cxd4 4. Nxd4 Nf6 5. f3 a6 6. c4 e6 7. Nc3 Be7 8. Be3
O-O 9. Qd2 Nbd7 10. Be2 b6 11. O-O Bb7 12. a4 Rc8 13. a5 bxa5 14. Nb3 Nc5 15.
Nxa5 Qc7 16. b4 Ncd7 17. Nxb7 Qxb7 18. b5 Ra8 19. bxa6 Rxa6 20. Rxa6 Qxa6 21.
c5 Qc8 22. cxd6 Bxd6 23. Qxd6 Qxc3 24. Kf2 Qa5 25. Rc1 Qh5 26. Rc7 Ne5 27. Rc5
Qh4+ 28. Kf1 Ned7 29. Rc7 Rd8 30. Bb5 Ne8 31. Qc6 Nb8 32. Qxe8+ Rxe8 33. Bxe8
Qd8 34. Bxf7+ Kh8 35. Rb7 Nd7 36. Bxe6 Nf8 37. Bd5 h6 38. Ra7 Qd6 39. Ra8 Kh7
40. h4 h5 41. Re8 Qf6 42. e5 Qxh4 43. Rxf8 Qe7 44. Be4+ g6 45. Rf6 Qxe5 46.
Rxg6 Kh8 47. Rc6 h4 48. Bh6 Qb5+ 49. Kf2 Qb2+ 50. Ke3 Qb3+ 51. Kf4 Qb8+ 52. Kg4
Qg3+ 53. Kh5 Qe5+ 54. Bg5 Qe8+ 55. Kxh4 1-0

[Event "Gibtelecom ChallWk2 6th"]
[Site "Gibraltar"]
[Date "2008.01.30"]
[Round "4.13"]
[White "Hamer, Martyn"]
[Black "Kvisla, Johannes Luangtep"]
[Result "0-1"]
[WhiteElo "1962"]
[BlackElo "2130"]
[PlyCount "138"]
[EventDate "2008.01.27"]
[EventType "swiss"]
[EventRounds "5"]
[EventCountry "GGB"]
[SourceTitle "BritBase"]
[Source "www.saund.co.uk"]
[SourceDate "2018.02.10"]
[SourceVersion "1"]
[SourceVersionDate "2018.02.10"]
[SourceQuality "1"]

1. e4 e5 2. Nf3 Nc6 3. Bb5 a6 4. Ba4 b5 5. Bb3 Na5 6. O-O d6 7. c3 Nxb3 8. axb3
Bb7 9. d3 f6 10. Nbd2 Ne7 11. Re1 g6 12. Nf1 Bg7 13. d4 O-O 14. Bd2 Qc8 15. d5
f5 16. c4 fxe4 17. Ng5 c6 18. Nxe4 cxd5 19. Nxd6 Qc7 20. Nxb7 Qxb7 21. cxd5
Nxd5 22. Ng3 Nf4 23. Ne4 Rad8 24. Qc2 Nd3 25. Re2 Rd4 26. f3 Rc8 27. Qb1 Nf4
28. Re1 Rdd8 29. Be3 Qc6 30. Rd1 Ne2+ 31. Kh1 Nd4 32. Qa2 Nc2 33. Bc5 Nxa1 34.
b4+ Kh8 35. Rxa1 Qd5 36. Qb1 Rc6 37. Qc1 Bf8 38. h3 Bg7 39. Qg5 Re8 40. Qe3 Kg8
41. Kh2 h6 42. Nc3 Qf7 43. Kh1 Qf4 44. Qd3 Kh7 45. Ne4 Qf5 46. Rd1 Rcc8 47. Ra1
Red8 48. Qe2 Qe6 49. Qf2 Qb3 50. Qg3 Qxb2 51. Rxa6 Qc1+ 52. Kh2 g5 53. Qg4 Qf4+
54. Qxf4 exf4 55. Nd6 Rb8 56. Ra5 Bf8 57. Nxb5 Bxc5 58. bxc5 Rdc8 59. Nd6 Rc6
60. Ne4 Rb1 61. Ra8 Kg7 62. Ra7+ Kg6 63. Ra8 Rc1 64. Rf8 Ra6 65. h4 Raa1 66.
Nf2 Rf1 67. c6 Rxf2 68. c7 Rc2 69. Rg8+ Kh5 0-1

[Event "Gibtelecom ChallWk2 6th"]
[Site "Gibraltar"]
[Date "2008.01.30"]
[Round "4.14"]
[White "Morris-Hill, Ray"]
[Black "Whitfield, Craig M"]
[Result "1/2-1/2"]
[WhiteElo "2129"]
[BlackElo "1728"]
[PlyCount "48"]
[EventDate "2008.01.27"]
[EventType "swiss"]
[EventRounds "5"]
[EventCountry "GGB"]
[SourceTitle "BritBase"]
[Source "www.saund.co.uk"]
[SourceDate "2018.02.10"]
[SourceVersion "1"]
[SourceVersionDate "2018.02.10"]
[SourceQuality "1"]

1. d4 Nf6 2. Nf3 g6 3. Nc3 d5 4. Bf4 Bg7 5. e3 O-O 6. Be2 Bg4 7. O-O c6 8. Ne5
Bxe2 9. Qxe2 Nh5 10. Rad1 Nxf4 11. exf4 f6 12. Nf3 Qd6 13. Rfe1 Rf7 14. Qe6
Qxe6 15. Rxe6 Na6 16. Rde1 Re8 17. Nh4 Nc7 18. R6e2 Bh6 19. f5 Rg7 20. fxg6
hxg6 21. g3 Kf7 22. Nd1 e6 23. f4 g5 24. fxg5 Bxg5 1/2-1/2

[Event "Gibtelecom ChallWk2 6th"]
[Site "Gibraltar"]
[Date "2008.01.30"]
[Round "4.15"]
[White "Revesz, Kinga"]
[Black "Schmidt, Jens Uwe"]
[Result "0-1"]
[WhiteElo "2026"]
[BlackElo "2092"]
[PlyCount "66"]
[EventDate "2008.01.27"]
[EventType "swiss"]
[EventRounds "5"]
[EventCountry "GGB"]
[SourceTitle "BritBase"]
[Source "www.saund.co.uk"]
[SourceDate "2018.02.10"]
[SourceVersion "1"]
[SourceVersionDate "2018.02.10"]
[SourceQuality "1"]

1. e4 d5 2. exd5 Qxd5 3. Nc3 Qd6 4. d4 a6 5. Nf3 Nf6 6. Be2 b5 7. O-O Bb7 8.
Ne5 e6 9. Bf3 c6 10. Bf4 Qd8 11. Ne4 Nbd7 12. Qe2 Nxe4 13. Bxe4 Nf6 14. Bxc6+
Bxc6 15. Nxc6 Qd5 16. Ne5 Qxd4 17. Qf3 Qd5 18. Qe2 Qe4 19. Qxe4 Nxe4 20. Rfd1
Nf6 21. c4 bxc4 22. Nxc4 Nd5 23. Be5 f6 24. Bg3 Kf7 25. a4 Bc5 26. a5 h5 27. h3
Rhd8 28. Rdc1 h4 29. Bh2 Rac8 30. Ra4 Nb4 31. Bf4 Nd3 32. Re1 Nxe1 33. Nb6 Rc6
0-1

[Event "Gibtelecom ChallWk2 6th"]
[Site "Gibraltar"]
[Date "2008.01.30"]
[Round "4.16"]
[White "Kandic, Milan"]
[Black "Jameson, David"]
[Result "0-1"]
[WhiteElo "2238"]
[BlackElo "2033"]
[PlyCount "60"]
[EventDate "2008.01.27"]
[EventType "swiss"]
[EventRounds "5"]
[EventCountry "GGB"]
[SourceTitle "BritBase"]
[Source "www.saund.co.uk"]
[SourceDate "2018.02.10"]
[SourceVersion "1"]
[SourceVersionDate "2018.02.10"]
[SourceQuality "1"]

1. c4 c6 2. g3 d5 3. Bg2 Nf6 4. Nc3 d4 5. Ne4 Nbd7 6. Nxf6+ Nxf6 7. d3 e5 8.
Nf3 Bd6 9. O-O O-O 10. e4 dxe3 11. fxe3 e4 12. Nd4 Re8 13. b3 Bg4 14. Qc2 Be5
15. Bb2 c5 16. Nf5 Qxd3 17. Qxd3 exd3 18. Bxe5 Rxe5 19. Nd6 d2 20. Nxb7 Rae8
21. e4 R8e7 22. Nd8 Rc7 23. h3 Be2 24. Bf3 Bxf1 25. Rxf1 Nxe4 26. Kh2 Nc3 27.
Rf2 d1=Q 28. Bxd1 Nxd1 29. Rd2 Nc3 30. Nc6 Re8 0-1

[Event "Gibtelecom ChallWk2 6th"]
[Site "Gibraltar"]
[Date "2008.01.30"]
[Round "4.17"]
[White "Lyell, Mark"]
[Black "Gasik, Jadwiga"]
[Result "1-0"]
[WhiteElo "2221"]
[BlackElo "2032"]
[PlyCount "95"]
[EventDate "2008.01.27"]
[EventType "swiss"]
[EventRounds "5"]
[EventCountry "GGB"]
[SourceTitle "BritBase"]
[Source "www.saund.co.uk"]
[SourceDate "2018.02.10"]
[SourceVersion "1"]
[SourceVersionDate "2018.02.10"]
[SourceQuality "1"]

1. e4 c6 2. d4 d5 3. exd5 cxd5 4. c4 Nf6 5. Nc3 g6 6. Qb3 Bg7 7. cxd5 O-O 8.
Be2 Nbd7 9. Bf3 Nb6 10. Bf4 a5 11. a4 Ne8 12. Nb5 Nd6 13. Nxd6 exd6 14. Ne2 Re8
15. O-O Bf5 16. Ng3 Bd7 17. Ne4 Nxd5 18. Nxd6 Nxf4 19. Qxf7+ Kh8 20. Qxf4 Qe7
21. Nxe8 Rxe8 22. Rac1 Bxa4 23. Rc7 Qf6 24. Qxf6 Bxf6 25. Bxb7 Bb3 26. Rc8 Rxc8
27. Bxc8 Bxd4 28. Re1 a4 29. Be6 Bxe6 30. Rxe6 Bxb2 31. Ra6 a3 32. Kf1 Kg7 33.
Ke2 Kh6 34. Ra5 g5 35. Ra6+ Kg7 36. Kf3 h5 37. Ke4 h4 38. Kf5 Bc1 39. Ra7+ Kh6
40. h3 Bb2 41. Ra6+ Kh5 42. g4+ hxg3 43. fxg3 Bc1 44. Ra7 Kh6 45. g4 Bb2 46.
Ra6+ Kg7 47. Kxg5 Kf7 48. h4 1-0

[Event "Gibtelecom ChallWk2 6th"]
[Site "Gibraltar"]
[Date "2008.01.30"]
[Round "4.18"]
[White "Pettersson, Anders"]
[Black "Vasvari, Tamas"]
[Result "0-1"]
[WhiteElo "1984"]
[BlackElo "2174"]
[PlyCount "64"]
[EventDate "2008.01.27"]
[EventType "swiss"]
[EventRounds "5"]
[EventCountry "GGB"]
[SourceTitle "BritBase"]
[Source "www.saund.co.uk"]
[SourceDate "2018.02.10"]
[SourceVersion "1"]
[SourceVersionDate "2018.02.10"]
[SourceQuality "1"]

1. d4 d5 2. c4 c6 3. Nf3 Nf6 4. Nc3 dxc4 5. a4 Bf5 6. Ne5 Nbd7 7. Nxc4 Qc7 8.
g3 e5 9. Bg2 Be7 10. O-O Be6 11. Nxe5 Nxe5 12. dxe5 Qxe5 13. Bf4 Qa5 14. Qc2
O-O 15. Rfd1 Qb4 16. Na2 Qb3 17. Qxb3 Bxb3 18. Rd3 Bxa4 19. Nc3 Bc2 20. Rd2 Bb3
21. Be3 a6 22. Bb6 Bd8 23. Bc5 Re8 24. Ra3 Bc4 25. Ra4 Be6 26. Rb4 Bc8 27. Na4
Ba5 28. Rbd4 Bxd2 29. Nb6 Rxe2 30. Nxa8 Re1+ 31. Bf1 Bh3 32. Rd8+ Ne8 0-1

[Event "Gibtelecom ChallWk2 6th"]
[Site "Gibraltar"]
[Date "2008.01.30"]
[Round "4.19"]
[White "Vinas Guerrero, Carlos A"]
[Black "Getz, Nicolai"]
[Result "1/2-1/2"]
[WhiteElo "2129"]
[BlackElo "2019"]
[PlyCount "88"]
[EventDate "2008.01.27"]
[EventType "swiss"]
[EventRounds "5"]
[EventCountry "GGB"]
[SourceTitle "BritBase"]
[Source "www.saund.co.uk"]
[SourceDate "2018.02.10"]
[SourceVersion "1"]
[SourceVersionDate "2018.02.10"]
[SourceQuality "1"]

1. e4 c5 2. c3 d5 3. exd5 Qxd5 4. d4 Nc6 5. Nf3 Bg4 6. Be2 e6 7. h3 Bh5 8. O-O
Nf6 9. Be3 Be7 10. dxc5 Qxd1 11. Bxd1 Ne4 12. g4 Bg6 13. b4 a5 14. Ba4 Bf6 15.
Bd4 O-O 16. Bxc6 bxc6 17. a3 axb4 18. cxb4 Ng5 19. Bxf6 Nxf3+ 20. Kg2 Bd3 21.
Rc1 Be4 22. Nc3 Ne1+ 23. Kg3 Nd3 24. Rg1 Bg6 25. Be7 Rfe8 26. Bd6 Nb2 27. a4
Nc4 28. Bc7 Rec8 29. Bb6 e5 30. Rgd1 e4 31. Rd7 Re8 32. Re1 Nb2 33. a5 Nd3 34.
Re3 Nxb4 35. h4 h5 36. gxh5 Bf5 37. Rd6 Re5 38. Kf4 Rae8 39. Rd8 Nd3+ 40. Rexd3
exd3 41. Rxe8+ Rxe8 42. Kxf5 d2 43. a6 Re7 44. a7 Rxa7 1/2-1/2

[Event "Gibtelecom ChallWk2 6th"]
[Site "Gibraltar"]
[Date "2008.01.30"]
[Round "4.20"]
[White "Hansen, Pal Andreas"]
[Black "Larsson, Daniel"]
[Result "1-0"]
[WhiteElo "2108"]
[BlackElo "2003"]
[PlyCount "71"]
[EventDate "2008.01.27"]
[EventType "swiss"]
[EventRounds "5"]
[EventCountry "GGB"]
[SourceTitle "BritBase"]
[Source "www.saund.co.uk"]
[SourceDate "2018.02.10"]
[SourceVersion "1"]
[SourceVersionDate "2018.02.10"]
[SourceQuality "1"]

1. e4 e5 2. Nf3 Nc6 3. d4 exd4 4. Bc4 Nf6 5. e5 d5 6. Bb5 Ne4 7. Nxd4 Bd7 8.
Bxc6 bxc6 9. O-O g6 10. f3 Nc5 11. Be3 Ne6 12. f4 Bg7 13. Nd2 O-O 14. N2b3 f6
15. Nxe6 Bxe6 16. Nc5 Qe7 17. Nd3 Qd7 18. Bd4 Bf5 19. Nc5 Qc8 20. Qd2 fxe5 21.
fxe5 Re8 22. Rae1 Bf8 23. Qg5 Be7 24. Qg3 Bxc5 25. Bxc5 Qe6 26. Rf3 a6 27. Bd4
Rf8 28. Bc5 Rfe8 29. Qg5 h5 30. h3 Kh7 31. g4 Be4 32. Rxe4 dxe4 33. Rf6 Qg8 34.
gxh5 Qg7 35. Rxg6 Rg8 36. Kh2 1-0

[Event "Gibtelecom ChallWk2 6th"]
[Site "Gibraltar"]
[Date "2008.01.30"]
[Round "4.21"]
[White "Helin, Mikael"]
[Black "Gasik, Piotr"]
[Result "0-1"]
[WhiteElo "1935"]
[BlackElo "2103"]
[PlyCount "61"]
[EventDate "2008.01.27"]
[EventType "swiss"]
[EventRounds "5"]
[EventCountry "GGB"]
[SourceTitle "BritBase"]
[Source "www.saund.co.uk"]
[SourceDate "2018.02.10"]
[SourceVersion "1"]
[SourceVersionDate "2018.02.10"]
[SourceQuality "1"]

1. e4 Nf6 2. Nc3 d5 3. d4 Nxe4 4. Nxe4 dxe4 5. f3 e5 6. d5 exf3 7. Qxf3 c6 8.
Bc4 Qh4+ 9. Qg3 Qxc4 10. Qxe5+ Be7 11. Be3 Qh4+ 12. g3 Qf6 13. Qxf6 Bxf6 14.
O-O-O Bg4 15. Re1 cxd5 16. Bc5+ Be6 17. g4 Na6 18. Ba3 Kd7 19. Nf3 Rhe8 20.
Ne5+ Kc7 21. h4 h6 22. Kb1 Bxe5 23. Rxe5 Bxg4 24. Rxd5 Bf3 25. Rd3 Bxh1 26.
Bd6+ Kc6 27. Bg3 Rad8 28. Rc3+ Kd5 29. a3 Nc5 30. Bc7 Rd7 31. Bh2 0-1

[Event "Gibtelecom ChallWk2 6th"]
[Site "Gibraltar"]
[Date "2008.01.30"]
[Round "4.22"]
[White "Petrovic, Marko"]
[Black "Tofte, Sondre Waage"]
[Result "0-1"]
[WhiteElo "1983"]
[BlackElo "2108"]
[PlyCount "76"]
[EventDate "2008.01.27"]
[EventType "swiss"]
[EventRounds "5"]
[EventCountry "GGB"]
[SourceTitle "BritBase"]
[Source "www.saund.co.uk"]
[SourceDate "2018.02.10"]
[SourceVersion "1"]
[SourceVersionDate "2018.02.10"]
[SourceQuality "1"]

1. e4 e5 2. f4 d5 3. exd5 e4 4. d3 Qxd5 5. Qe2 Nf6 6. dxe4 Nxe4 7. Nd2 f5 8.
Nb3 Bd6 9. Be3 Nc6 10. Nf3 Bd7 11. Nfd4 O-O-O 12. O-O-O Rhe8 13. Nb5 Qe6 14.
Re1 Nb4 15. Kb1 Bxb5 16. Qxb5 Nd5 17. Qa5 Nxe3 18. Bb5 Nc4 19. Bxc4 Qxc4 20.
Qxf5+ Kb8 21. Qxh7 Bxf4 22. Qxg7 Bxh2 23. Rd1 Rxd1+ 24. Rxd1 a6 25. Qd7 Qe6 26.
Qa4 Qc6 27. Qb4 Bd6 28. Qe1 Nc5 29. Nd4 Qe4 30. Qf1 Be5 31. Nf3 Na4 32. Nxe5
Qxe5 33. c3 Qe2 34. Qxe2 Rxe2 35. Rg1 Rxb2+ 36. Kc1 Rxa2 37. Kb1 Nxc3+ 38. Kc1
Ra1+ 0-1

[Event "Gibtelecom ChallWk2 6th"]
[Site "Gibraltar"]
[Date "2008.01.30"]
[Round "4.24"]
[White "Haugstad, Espen"]
[Black "Edvardsen, Ingar"]
[Result "0-1"]
[WhiteElo "2042"]
[BlackElo "1972"]
[PlyCount "70"]
[EventDate "2008.01.27"]
[EventType "swiss"]
[EventRounds "5"]
[EventCountry "GGB"]
[SourceTitle "BritBase"]
[Source "www.saund.co.uk"]
[SourceDate "2018.02.10"]
[SourceVersion "1"]
[SourceVersionDate "2018.02.10"]
[SourceQuality "1"]

1. d4 Nf6 2. c4 e6 3. Nc3 Bb4 4. f3 c5 5. a3 Bxc3+ 6. bxc3 cxd4 7. cxd4 d5 8.
Bb2 O-O 9. Qd2 b6 10. e3 Ba6 11. Rc1 Nbd7 12. cxd5 Bxf1 13. Kxf1 exd5 14. a4
Re8 15. Kf2 Nf8 16. Ne2 Qd7 17. Qb4 Qf5 18. h3 Ne4+ 19. Ke1 Ng5 20. Qb3 Nxf3+
21. gxf3 Qxf3 22. Rf1 Qxe3 23. Qxe3 Rxe3 24. Rc7 Rae8 25. Rf2 Ne6 26. Rcxf7
Rxe2+ 27. Kxe2 Ng5+ 28. Kd3 Nxf7 29. Rf5 Rd8 30. Ba3 Rd7 31. Kc3 g6 32. Rf6 Ng5
33. Rf8+ Kg7 34. h4 Ne4+ 35. Kd3 Rf7 0-1

[Event "Gibtelecom ChallWk2 6th"]
[Site "Gibraltar"]
[Date "2008.01.30"]
[Round "4.25"]
[White "Pettersen, Joar Gullestad"]
[Black "Gravett, Alan D"]
[Result "1/2-1/2"]
[WhiteElo "2026"]
[BlackElo "1869"]
[PlyCount "52"]
[EventDate "2008.01.27"]
[EventType "swiss"]
[EventRounds "5"]
[EventCountry "GGB"]
[SourceTitle "BritBase"]
[Source "www.saund.co.uk"]
[SourceDate "2018.02.10"]
[SourceVersion "1"]
[SourceVersionDate "2018.02.10"]
[SourceQuality "1"]

1. e4 c5 2. c3 Nf6 3. e5 Nd5 4. Nf3 Nc6 5. d4 e6 6. Bc4 d6 7. exd6 Bxd6 8. O-O
O-O 9. h3 Nce7 10. Nbd2 cxd4 11. cxd4 Qc7 12. Bb3 Ng6 13. Ne4 Bf4 14. g3 f5 15.
Bxf4 Ngxf4 16. Nc5 b6 17. Nd3 Nxd3 18. Qxd3 Bb7 19. Rae1 Rf6 20. Re5 a5 21. Qc4
a4 22. Qxc7 Nxc7 23. Bd1 Rd8 24. Be2 Bxf3 25. Bxf3 Rxd4 26. Rc1 Nd5 1/2-1/2

[Event "Gibtelecom ChallWk2 6th"]
[Site "Gibraltar"]
[Date "2008.01.30"]
[Round "4.26"]
[White "Husin, Axel"]
[Black "Sellak, Haddou"]
[Result "0-1"]
[WhiteElo "2012"]
[BlackElo "1900"]
[PlyCount "82"]
[EventDate "2008.01.27"]
[EventType "swiss"]
[EventRounds "5"]
[EventCountry "GGB"]
[SourceTitle "BritBase"]
[Source "www.saund.co.uk"]
[SourceDate "2018.02.10"]
[SourceVersion "1"]
[SourceVersionDate "2018.02.10"]
[SourceQuality "1"]

1. e4 c5 2. d4 cxd4 3. Nf3 Nc6 4. Nxd4 Nf6 5. Nc3 e5 6. Ndb5 d6 7. Bg5 a6 8.
Na3 b5 9. Nd5 Be7 10. Bxf6 Bxf6 11. c3 Rb8 12. Nc2 Bg5 13. Be2 Ne7 14. Ncb4
Nxd5 15. Nxd5 a5 16. O-O O-O 17. Bg4 Be6 18. Qe2 Bxd5 19. exd5 f5 20. Bh3 g6
21. g3 f4 22. Bg2 Qf6 23. Qe4 Rbc8 24. Qd3 Rc5 25. a3 a4 26. Rad1 Rc4 27. Rfe1
h5 28. f3 fxg3 29. hxg3 Kg7 30. Re4 h4 31. g4 Rfc8 32. Rxc4 Rxc4 33. Rd2 Qf4
34. Qc2 h3 35. Bh1 Qg3+ 36. Kf1 Bh4 37. Re2 Rf4 38. Qd3 Qxg4 39. Rd2 e4 40. Qe2
exf3 41. Qh2 Bg3 0-1

[Event "Gibtelecom ChallWk2 6th"]
[Site "Gibraltar"]
[Date "2008.01.30"]
[Round "4.27"]
[White "Hickman, John E"]
[Black "Gandrud, Vegar Koi"]
[Result "1-0"]
[WhiteElo "2009"]
[BlackElo "1819"]
[PlyCount "132"]
[EventDate "2008.01.27"]
[EventType "swiss"]
[EventRounds "5"]
[EventCountry "GGB"]
[SourceTitle "BritBase"]
[Source "www.saund.co.uk"]
[SourceDate "2018.02.10"]
[SourceVersion "1"]
[SourceVersionDate "2018.02.10"]
[SourceQuality "1"]

1. e4 c5 2. Nf3 d6 3. g3 Nf6 4. d3 Nc6 5. Bg2 g6 6. O-O Bg7 7. c3 O-O 8. Re1
Bg4 9. h3 Bxf3 10. Qxf3 Nd7 11. Qe2 Qc7 12. Na3 a6 13. Be3 Rab8 14. Rac1 Rfc8
15. Qd2 b5 16. d4 c4 17. f4 f6 18. Rf1 Kh8 19. g4 Nd8 20. Nc2 a5 21. h4 Nf8 22.
g5 e5 23. f5 Qe7 24. Rf2 Nd7 25. Rcf1 Nf7 26. Bh3 exd4 27. Nxd4 Nfe5 28. Ne6
Nd3 29. Rg2 Rg8 30. fxg6 hxg6 31. Nxg7 Qxg7 32. Bxd7 Qxd7 33. gxf6 Qf7 34. Bh6
Rbe8 35. Qg5 Rxe4 36. Bg7+ Rxg7 37. fxg7+ Qxg7 38. Qd8+ Kh7 39. h5 Ne5 40.
hxg6+ Nxg6 41. Qxd6 b4 42. Qd5 Qa7+ 43. Kh1 Rh4+ 44. Rh2 Rxh2+ 45. Kxh2 Qb8+
46. Kg1 Qg3+ 47. Qg2 Qe3+ 48. Qf2 Qg5+ 49. Kh1 Qd5+ 50. Qg2 Qe6 51. Qf3 Kh6 52.
Kh2 Qe5+ 53. Qg3 Qe2+ 54. Rf2 Qe4 55. Rg2 b3 56. axb3 cxb3 57. c4 a4 58. c5 Kh7
59. Rd2 Qf5 60. Qh3+ Qxh3+ 61. Kxh3 Nf4+ 62. Kg4 Ne6 63. c6 Kg6 64. Rd6 Kf7 65.
Kf5 Ng7+ 66. Ke5 Ne8 1-0

[Event "Gibtelecom ChallWk2 6th"]
[Site "Gibraltar"]
[Date "2008.01.30"]
[Round "4.28"]
[White "Jorgensen, Line Jin"]
[Black "Dennis, Nigel W"]
[Result "1-0"]
[WhiteElo "1867"]
[BlackElo "1957"]
[PlyCount "85"]
[EventDate "2008.01.27"]
[EventType "swiss"]
[EventRounds "5"]
[EventCountry "GGB"]
[SourceTitle "BritBase"]
[Source "www.saund.co.uk"]
[SourceDate "2018.02.10"]
[SourceVersion "1"]
[SourceVersionDate "2018.02.10"]
[SourceQuality "1"]

1. e4 c5 2. Nf3 Nc6 3. Bb5 a6 4. Bxc6 bxc6 5. O-O d6 6. c3 Qc7 7. d3 Nf6 8. Re1
Bg4 9. h3 Bh5 10. Nbd2 e6 11. Qa4 Nd7 12. e5 dxe5 13. Nxe5 Nxe5 14. Rxe5 Bg6
15. Re3 Bd6 16. Ne4 Bxe4 17. Rxe4 O-O 18. Be3 Rfb8 19. Rb1 Rb5 20. Qc2 a5 21.
Rc4 Rab8 22. d4 Qa7 23. dxc5 Be7 24. Bf4 Rd8 25. a4 Rb7 26. b4 Rbd7 27. Be3 Rd5
28. b5 Bxc5 29. Rxc5 Rxc5 30. b6 Qe7 31. b7 Rb8 32. Bxc5 Qxc5 33. Qd3 Qd5 34.
Qa6 Kf8 35. c4 Qd7 36. Qa7 Qc7 37. Rb6 Ke7 38. Rxc6 Qd8 39. Qc5+ Kf6 40. Rc7
Qd1+ 41. Kh2 Qd8 42. Rc8 Rxc8 43. bxc8=Q 1-0

[Event "Gibtelecom ChallWk2 6th"]
[Site "Gibraltar"]
[Date "2008.01.30"]
[Round "4.29"]
[White "Manetto, Luis"]
[Black "Georgieva, Emilia"]
[Result "0-1"]
[WhiteElo "1592"]
[BlackElo "1985"]
[PlyCount "110"]
[EventDate "2008.01.27"]
[EventType "swiss"]
[EventRounds "5"]
[EventCountry "GGB"]
[SourceTitle "BritBase"]
[Source "www.saund.co.uk"]
[SourceDate "2018.02.10"]
[SourceVersion "1"]
[SourceVersionDate "2018.02.10"]
[SourceQuality "1"]

1. e4 e5 2. Nf3 Nc6 3. Bb5 Nf6 4. O-O d6 5. Re1 a6 6. Ba4 b5 7. Bb3 Bg4 8. c3
g6 9. h3 Be6 10. d4 Bxb3 11. axb3 Bg7 12. Bg5 h6 13. Bh4 g5 14. Bg3 Nd7 15. d5
Ne7 16. Nbd2 O-O 17. Nf1 f5 18. exf5 Nxf5 19. Bh2 h5 20. Ng3 g4 21. hxg4 hxg4
22. Nd2 Qh4 23. Nde4 Ne7 24. Rc1 Bh6 25. Rc2 Rf7 26. c4 Rh7 27. Nf1 Rf8 28. Bg3
Qh5 29. Nh2 b4 30. Qxg4+ Qxg4 31. Nxg4 Nf5 32. Nxh6+ Rxh6 33. c5 Nd4 34. Rc4
dxc5 35. Nxc5 Nb6 36. Rxe5 Nxc4 37. bxc4 a5 38. Rg5+ Kf7 39. Be5 Ne2+ 40. Kf1
Nc1 41. g3 Rg6 42. Rf5+ Ke8 43. Rxf8+ Kxf8 44. Bxc7 Rg4 45. Ne6+ Ke8 46. c5 a4
47. c6 Nd3 48. f3 Rc4 49. Nd8 a3 50. bxa3 bxa3 51. d6 a2 52. d7+ Ke7 53. Nb7
a1=Q+ 54. Kg2 Qb2+ 55. Kh3 Nf2+ 0-1